| 000 | 01475nam a2200325 a 4500 | ||
|---|---|---|---|
| 001 | 25109 | ||
| 003 | BD-RjUL | ||
| 005 | 20211209050830.0 | ||
| 008 | 140316t1985 bg b o101 0 eng d | ||
| 035 | _a(BD-RjUL)25178 | ||
| 040 |
_aDLC _beng _cDLC _dBD-RjUL |
||
| 041 | _aeng | ||
| 082 | 0 | 4 |
_a954 _219 _bSOU 1985 |
| 245 | 0 | 0 |
_aSouth Asian regional cooperation : _ba socio-economic approach to peace and stability / _cedited by M. Abdul Hafiz, Iftekharuzzaman |
| 260 |
_aDhaka : _bBangladesh Institute of International and Strategic Studies, _c1985. |
||
| 300 |
_axxxxiv, 290 p. ; _c23 cm |
||
| 504 | _aIncludes bibliographies and index | ||
| 520 | _aSummary: Papers presented at an International Conference on South Asian Regional Cooperation, held at Dhaka, January 14-16, 1985, under the aegis of the Bangladesh Institute of International and Strategic Studies | ||
| 650 | 0 |
_aRegionalism _zSouth Asia _xCongresses _977259 |
|
| 651 | 0 |
_aSouth Asia _xEconomic policy _xCongresses _977260 |
|
| 651 | 0 |
_aSouth Asia _xPolitics and government _xCongresses _977261 |
|
| 651 | 0 |
_aSouth Asia _xSocial policy _xCongresses _977262 |
|
| 700 | 1 |
_aHafiz, M. Abdul. _977263 |
|
| 700 | 0 |
_aIftekharuzzaman. _977264 |
|
| 710 | 2 |
_aBangladesh Institute of International and Strategic Studies. _94442 |
|
| 711 | 2 |
_aInternational Conference on South Asian Regional Cooperation _d(1985 : _cDhaka, Bangladesh) _977265 |
|
| 942 |
_2ddc _cBK |
||
| 999 |
_c25109 _d25109 |
||